| 000 | 00341 a2200121 4500 | ||
|---|---|---|---|
| 003 | Nust | ||
| 005 | 20170207154253.0 | ||
| 040 | _cNust | ||
| 245 |
_aVisit IGT & E (Photo Album Volum No.2, 1997-1998-1999) _cMCS |
||
| 260 |
_aRawalpindi _bMCS _c23-03-1999 |
||
| 650 | _aPicttures of Visit if IGT & E To MCS (Soft Copy) CD-02 | ||
| 651 | _aSweet Memories-MCS | ||
| 942 | _cBK | ||
| 999 |
_c196335 _d196335 |
||